000 00509nam a2200181Ia 4500
005 20250508151738.0
008 008 250505s9999 xx 000 0 eng d
037 _aTextual
040 _aFEDL
_beng
_cFEDL
041 _aeng
_2eng
084 _a027.4223, HJE
_qFEDL
100 _aHjelmqvist Bengt
_9759877
245 0 _aRural library in Sweden
260 _aStockholm
_bNordisk rotogravyr
_c1950
650 _aLibrary science
942 _cTEXL
_h027.4223, HJE
999 _c1331873
_d1331873